000 00788nam a2200241Ia 4500
003 OSt
005 20220923224001.0
006 a|||||r|||| 00| 0
007 ta
008 Pun
024 _a223,811
037 _cTextual
040 _aARTS
_cARTS
_bPun
041 _2Pun
_aPun
082 _aO153:g, 153L5
100 _aਕੰਵਰ, ਤਰਲੋਕ ਸਿੰਘ
_9156315
245 0 _aਸਾਹਿੱਤ ਅਧਿਔਨ ਦੀ ਸੰਗਚਨਾਵਾਦੀ ਪ੍ਰਣਾਲੀ
260 _aਦਿੱਲੀ
_b ਅਰਹਿੰਦ ਹਨੂਮੰਤ ਪ੍ਰਕਾFਨ
_c1975
300 _a71ਪੰ
_ccm.
650 _aਪੰਜਾਬੀ ਸਾਹਿਤ
942 _hO153:g, 153L5
_cTEXL
_2CC
999 _c368540
_d368540